Imagen y conocimiento: cómo vemos el mundo y cómo lo interpretamos
Guardado en:
| Autores principales: | , , |
|---|---|
| Formato: | Libro |
| Lenguaje: | español |
| Publicado: |
Barcelona
Crítica
1994
|
| Colección: | Drakontos Crítica
|
| Materias: | |
| Etiquetas: |
Agregar Etiqueta
Sin Etiquetas, Sea el primero en etiquetar este registro!
|
MARC
| LEADER | 00000nam a2200000 a 4500 | ||
|---|---|---|---|
| 001 | UCS3461 | ||
| 003 | CL-VaPUC | ||
| 008 | 970627e19940000SP |||||||||||||||||spa|d | ||
| 082 | 0 | 4 | |a 701.15 |b BAR |2 21 |
| 100 | 0 | |a Barlow, Horace |e author |9 389606 | |
| 700 | 0 | |a Blakemore, Colin |e author |9 389607 | |
| 700 | 0 | |a Weston-Smith, Miranda |e author |9 389608 | |
| 245 | 1 | 0 | |a Imagen y conocimiento: cómo vemos el mundo y cómo lo interpretamos |
| 300 | |a 271 p | ||
| 942 | |c BK | ||
| 945 | |d 19970627 00:00:00 |a amoreno | ||
| 260 | |a Barcelona |b Crítica |c 1994 | ||
| 650 | 0 | |a Percepción visual |9 267039 | |
| 650 | 0 | |a Cerebro |9 307262 | |
| 650 | 7 | |a CORTEZA CEREBRAL |2 CL-VaPUC |9 389609 | |
| 650 | 0 | |a Sistema visual |9 389610 | |
| 650 | 0 | |a Neuronas |9 369351 | |
| 650 | 7 | |a ENTENDIMIENTO |2 CL-VaPUC |9 350593 | |
| 650 | 0 | |a Animales |9 269820 | |
| 650 | 0 | |a Imagen |9 311402 | |
| 650 | 0 | |a Enfermedades |9 263059 | |
| 650 | 0 | |a Color |9 265507 | |
| 650 | 0 | |a Movimiento |9 322237 | |
| 583 | |a last modification |c 19970627 00:00:00 |k Rodrigo Vera | ||
| 490 | 0 | |a Drakontos Crítica | |
| 999 | |c 261165 |d 261163 | ||